Loading...
Nattuvelicham /
| Main Author: | |
|---|---|
| Format: | Printed Book |
| Language: | Malayalam |
| Published: |
1978.
|
| Subjects: |
| LEADER | 00456nam a2200145Ia 4500 | ||
|---|---|---|---|
| 008 | 150624b xxu||||| |||| 00| p mal d | ||
| 082 | |a 851.84G4 | ||
| 100 | |a Gopalakrishan, K. | ||
| 245 | |c K. Gopalakrishan |a Nattuvelicham / | ||
| 260 | |c 1978. | ||
| 546 | |a In Malayalam. | ||
| 650 | |v Poetry | ||
| 942 | |c BK | ||
| 999 | |c 77103 |d 77103 | ||
| 952 | |0 0 |1 0 |4 0 |6 851_000000000000000_84G4_NAT_M |7 0 |9 77047 |a UL |b UL |c ST2 |d 1998-09-15 |l 0 |o 851.84G4 NAT M |p 44403 |r 2012-10-27 |w 2012-10-27 |y BK | ||